| 000 | 00000nam##2200000za#4500 |
| 001 | 9.579345 |
| 003 | CaOODSP |
| 005 | 20210624190522 |
| 007 | cr ||||||||||| |
| 008 | 150406|2001||||xxc|||||o f|0| 0 eng|d |
| 022 | |a1488-5379 |
| 040 | |aCaOODSP|beng |
| 043 | |an-cn--- |
| 086 | 1 |aFs97-6/2389E-PDF |
| 110 | 1 |aCanada. |bDepartment of Fisheries and Oceans. |
| 245 | 12|aA comprehensive multi residue ultra-trace analytical method, based on HRGC/HRMS, for the determination of PCDDS, PCDFS, PCBS, PBDES, PCDES, and organochlorine pesticides in six different environmental matrices / |h[electronic resource]|cby M.G. Ikonomow ... [et al.] |
| 260 | |aSidney - British Columbia : |bFisheries and Oceans Canada |c2001. |
| 300 | |a102p.|breferences, tables |
| 490 | 1 |aCanadian technical report of fisheries and aquatic sciences|x1488-5379|vNo. 2389 |
| 500 | |aOn t. p. : Institute of Ocean Sciences, Sidney, B.C. The catalogue number and ISSN for the print edition appear in the PDF version. |
| 546 | |a(Résumé en français) |
| 590 | |a14-06-Supp|b2014-03-21 |
| 720 | 1 |aIkonomow, M. G. |
| 830 | #0|aCanadian technical report of fisheries and aquatic sciences,|x1488-5379|vNo. 2389|w(CaOODSP)9.504449 |
| 856 | 40|ahttp://publications.gc.ca|qPDF|s297 KB|uhttps://publications.gc.ca/collections/collection_2014/mpo-dfo/Fs97-6-2389-eng.pdf|yNo. 2389 |